Tales from the Decameron / (Record no. 200468076)
[ view plain ]
| 000 -LEADER | |
|---|---|
| fixed length control field | 00953cam a22003251 4500 |
| 001 - CONTROL NUMBER | |
| control field | 200468076 |
| 003 - CONTROL NUMBER IDENTIFIER | |
| control field | TR-AnTOB |
| 005 - DATE AND TIME OF LATEST TRANSACTION | |
| control field | 20260413143833.0 |
| 007 - PHYSICAL DESCRIPTION FIXED FIELD--GENERAL INFORMATION | |
| fixed length control field | ta |
| 008 - FIXED-LENGTH DATA ELEMENTS--GENERAL INFORMATION | |
| fixed length control field | 260413m19691962nyu 000 0 eng d |
| 010 ## - LIBRARY OF CONGRESS CONTROL NUMBER | |
| LC control number | 45000777 |
| 035 ## - SYSTEM CONTROL NUMBER | |
| System control number | 8336928 |
| System control number | (OCoLC)3145553 |
| 040 ## - CATALOGING SOURCE | |
| Original cataloging agency | DLC |
| Language of cataloging | eng |
| Description conventions | rda |
| Transcribing agency | InMuB |
| Modifying agency | InMuB |
| -- | DLC |
| -- | TR-AnTOB |
| 041 0# - LANGUAGE CODE | |
| Language code of text/sound track or separate title | İngilizce |
| 050 00 - LIBRARY OF CONGRESS CALL NUMBER | |
| Classification number | PQ4272.E5 |
| Item number | A3 1969 |
| 090 ## - LOCALLY ASSIGNED LC-TYPE CALL NUMBER (OCLC); LOCAL CALL NUMBER (RLIN) | |
| Classification number (OCLC) (R) ; Classification number, CALL (RLIN) (NR) | PQ4272.E5 |
| Local cutter number (OCLC) ; Book number/undivided call number, CALL (RLIN) | A3 1969 TıpFaK |
| 100 1# - MAIN ENTRY--PERSONAL NAME | |
| Personal name | Boccaccio, Giovanni, |
| Dates associated with a name | 1313-1375 |
| Relator term | author |
| 9 (RLIN) | 153599 |
| 245 10 - TITLE STATEMENT | |
| Title | Tales from the Decameron / |
| Statement of responsibility, etc. | Giovanni Boccaccio, selected and adapted by Mark Cohen. |
| 264 #1 - PRODUCTION, PUBLICATION, DISTRIBUTION, MANUFACTURE, AND COPYRIGHT NOTICE | |
| Place of production, publication, distribution, manufacture | London : |
| Name of producer, publisher, distributor, manufacturer | Nel Signet Classic, |
| Date of production, publication, distribution, manufacture, or copyright notice | 1969. |
| Date of production, publication, distribution, manufacture, or copyright notice | ©1962 |
| 300 ## - PHYSICAL DESCRIPTION | |
| Extent | 217 pages ; |
| Dimensions | 18 cm |
| 336 ## - CONTENT TYPE | |
| Content type term | text |
| Content type code | txt |
| Source | rdacontent |
| 337 ## - MEDIA TYPE | |
| Media type term | unmediated |
| Media type code | n |
| Source | rdamedia |
| 338 ## - CARRIER TYPE | |
| Carrier type term | volume |
| Carrier type code | nc |
| Source | rdacarrier |
| 700 1# - ADDED ENTRY--PERSONAL NAME | |
| Personal name | Cohen, Mark |
| Relator term | editor |
| 9 (RLIN) | 153601 |
| 942 ## - ADDED ENTRY ELEMENTS (KOHA) | |
| Source of classification or shelving scheme | Library of Congress Classification |
| Koha item type | Book |
| Withdrawn status | Lost status | Source of classification or shelving scheme | Not for loan | Collection code | Home library | Current library | Shelving location | Date acquired | Source of acquisition | Total Checkouts | Full call number | Date last seen | Date shelved | Koha item type | Public note |
|---|---|---|---|---|---|---|---|---|---|---|---|---|---|---|---|
| Library of Congress Classification | Ödünç Verilemez-Kurumiçi kullanım / Not for loan-For inhouse use | Genel Koleksiyon | Tıp Fakültesi Medikal Kütüphane | Tıp Fakültesi Medikal Kütüphane | Genel Koleksiyon / Main Collection | 13/04/2026 | Bağış / Donation | PQ4272.E5 A3 1969 TıpFaK | 13/04/2026 | 13/04/2026 | Book | Donated by Prof. Dr. Şükrü Cin. |
